000 00352nam a2200145Ia 4500
008 230917s9999||||xx |||||||||||||| ||und||
040 _e108207
_aMAIN
041 _aEnglish
082 _a657.48 T829F
100 _aTulsian, P. C
245 0 _aFinancial Accountiong
260 _aDelhi
_bPearson Education
_c2004
300 _a18.13p p.
942 _cBK
999 _c123221
_d123221